000 00611nam a2200241Ia 4500
003 OSt
005 20221006145019.0
006 a|||||r|||| 00| 0
007 ta
008 221006b |||||||| |||| 00| 0 eng d
024 _a13,504
037 _cTextual
040 _aEASL
_cEASL
_beng
041 _2eng
_aeng
082 _aV4313p53G,N54, J5
245 0 _aGeneva conference Indo-China
260 _aWashington
_bAmerican Foreign Policy
_c1955
300 _a52p.
_ccm.
490 _v CEL
650 _aCEL
942 _hV4313p53G,N54, J5
_cTEXL
_2CC
999 _c1081590
_d1081590